Normal view
MARC view
- Dhalvi, Muhammad Kifayat ullah
Entry Personal Name
001 - CONTROL NUMBER
- control field: 51091
003 - CONTROL NUMBER IDENTIFIER
- control field: NUST
005 - DATE AND TIME OF LATEST TRANSACTION
- control field: 20210314134913.0
008 - FIXED-LENGTH DATA ELEMENTS
- fixed length control field: 210314|| aca||aabn | a|a d
040 ## - CATALOGING SOURCE
- Original cataloging agency: NUST
- Transcribing agency: NUST
100 ## - HEADING--PERSONAL NAME
- Personal name: Dhalvi, Muhammad Kifayat ullah
670 ## - SOURCE DATA FOUND
- Source citation: Work cat.: (NUST): Dhalvi, Muhammad Kifayat ullah, کفا یت المفتی مع عنوانات, 2001.
